Antiferromagnetizm gamma-železa : Problema invara /
Saved in:
| Main Author: | |
|---|---|
| Format: | Book |
| Language: | Russian |
| Published: |
Moskva :
Nauka,
1987
|
| Subjects: | |
| Tags: |
No Tags, Be the first to tag this record!
|
MARC
| LEADER | 00000nam a22000003a 4500 | ||
|---|---|---|---|
| 001 | stu41815 | ||
| 005 | 20150617225719.2 | ||
| 008 | 940124s1987----xxr-----------------rus-d | ||
| 040 | |a STU |b slo | ||
| 041 | 0 | |a rus | |
| 044 | |a xxr | ||
| 080 | |a 669.15-194 | ||
| 100 | 1 | |a Sedov, Viktor L |4 aut | |
| 245 | 1 | |a Antiferromagnetizm gamma-železa : |b Problema invara / |c [aut.]Viktor L. Sedov | |
| 260 | |a Moskva : |b Nauka, |c 1987 | ||
| 300 | |a 287 s | ||
| 650 | 7 | |a Invar |2 stusub | |
| 650 | 7 | |a vlastnosti |2 stusub | |
| 996 | |b 284M003772 |c M*4028-1 |l MMKN |s A |a 24 |w stu41815_0001 | ||